Les méchants des classique d'animation Disney - Statistiques

Statistiques générales
  • Ce quiz a été pris 159 fois
  • Le résultat moyen est 20 sur 51
Statistiques - réponses
Film Méchant % Correct
Peter Pan Capitaine Crochet
86%
Le Roi Lion Scar
86%
La Petite Sirène Ursula
83%
Aladdin Jafar
81%
La Belle au Bois Dormant Maléfique
81%
Les 101 Dalmatiens Cruella D'Enfer
76%
Blanche-Neige et les Sept Nains Reine
76%
Hercule Hades
74%
La Belle et la Bête Gaston
73%
Cendrillon Javotte
73%
Bambi Chasseur
71%
Alice au Pays des Merveilles Reine de Cœur
69%
Cendrillon Anastasie
68%
La Reine des Neiges Hans
65%
Raiponce Mère Gothel
62%
Les Aristochats Edgar
52%
Le Livre de la Jungle Kaa
51%
Le Livre de la Jungle Shere-Kan
49%
Le Bossu de Notre Dame Claude Frollo
48%
Merlin l'Enchanteur Madame Mim
43%
Mulan Shan-Yu
42%
Cendrillon Lucifer
41%
Les 101 Dalmatiens Jasper
40%
Cendrillon Marâtre
39%
Pinocchio Stromboli
38%
Tarzan Clayton
37%
Pocahontas John Ratcliffe
36%
Les 101 Dalmatiens Horace
35%
La Princesse et la Grenouille Dr. Facillier
34%
Les Aventures de Bernard et Bianca Médusa
33%
Pinocchio Grand Coquin
29%
Pinocchio Monstro
27%
Vaïana, la légende du bout du monde Tamatoa
25%
Taram et le Chaudron Magique Le Seigneur des Ténèbres
22%
Kuzco, l'Empereur Mégalo Ysma
22%
Les Mondes de Ralph Turbo
21%
Dinosaure Kron
20%
Lilo et Stitch Gantu
14%
Zootopie Bellwether
13%
Bambi Ronno
12%
Rox et Rouky Amos Slade
11%
Bienvenue chez les Robinson Goob
11%
Oliver et Compagnie Bill Sykes
8%
Atlantide, L'Empire Perdu Rourke
8%
La Ferme se rebelle Alameda Slim
7%
Fantasia Chernabog
7%
Les Aventures de Bernard et Bianca Mr. Snoops
7%
Les Nouveaux Héros Yokai
6%
Bernard et Bianca au Pays des Kangourous Percival McLeach
5%
Wish: Asha et la bonne étoile Roi Magnifico
5%
La Planète au Trésor Jonh Silver
0%
Aucun quiz correspondant
Distribution des résultats
% des personnes avec chaque résultat
Percentile par nombre de réponses
Votre historique - résultats
Vous n’avez pas pris ce quiz